ბათუმის შოთა რუსთაველის სახელმწიფო უნივერსიტეტის ბიბლიოთეკა

ნარკვევები ბათუმის ისტორიიდან / (ბიბ.ჩანაწერი № 64079)

000 -ლიდერი
ფიქსირებული სიგრძის საკონტროლო ველი 01727nam a22002297a 4500
003 - საკონტროლო ნომრის იდენტიფიკატორი
საკონტროლო ველი Ge_BSU
005 - ბოლო ოპერაციის თარიღი და დრო
საკონტროლო ველი 20260326111704.0
008 - ფიქსირებული სიგრძის მონაცემთა ელემენტები - ზოგადი ინფორმაცია
ფიქსირებული სიგრძის საკონტროლო ველი 260325s2026 ge ||||| |||| 00| 0 geo d
020 ## - წიგნის საერთაშორისო სტანდარტული ნომერი
International Standard Book Number 9789941883378
041 ## - ენის კოდი
Language code of text/sound track or separate title geo
080 ## - უნივერსალური ათობითი კლასიფიკაციის ინდექსი
Universal Decimal Classification number 94(479.223-25) მ-47
100 ## - მთავარი ჩანაწერი - პიროვნების სახელი
Personal name მეგრელიშვილი, მერაბ
9 (RLIN) 27198
245 ## - ცნობა სათაურის შესახებ
Title ნარკვევები ბათუმის ისტორიიდან /
Statement of responsibility, etc მერაბ მეგრელიშვილი, ნიკოლოზ მეგრელიშვილი; რედ.როინ მალაყმაძე; ყდის დიზაინი თ. ნაყოფია.
264 ## - წარმოების, გამოცემის, დისტრიბუციის და სხვა ცნობები
გამოცემის, წარმოების, დისტრიბუციის... ადგილი ბათუმი,
გამოცემის, წარმოების, დისტრიბუციის... თარიღი 2026.
300 ## - ფიზიკური აღწერა
Extent 234 გვ.:
Other physical details ილ.;
Dimensions 22 სმ.
504 ## - BIBLIOGRAPHY, ETC. NOTE
Bibliography, etc ბიბლიოგრ. თავების ბოლოს
653 ## - INDEX TERM--UNCONTROLLED
Uncontrolled term ნარკვევები ბათუმის ისტორიიდან
653 ## - INDEX TERM--UNCONTROLLED
Uncontrolled term წიგნში შესულია ბათუმის შოთა რუსთაველის სახელმწიფო უნივერსიტეტის ნიკო ბერძენიშვილის ინსტიტუტის ინიციატივით ორგანიზებულ საერთაშორისო სამეცნიერო კონფერენციებზე სხვადასხვა დროს წარდგენილი მოხსენებები
700 ## - ADDED ENTRY--PERSONAL NAME
Personal name მეგრელიშვილი, ნიკოლოზ
9 (RLIN) 27199
Relator term ავტორი
700 ## - ADDED ENTRY--PERSONAL NAME
Personal name მალაყმაძე, როინ
Relator term რედაქტორი
9 (RLIN) 27200
942 ## - ADDED ENTRY ELEMENTS (KOHA)
Source of classification or shelving scheme
Koha item type წიგნი
ეგზემპლარები
ჩამოწერის სტატუსი დაკარგული ეგზემპლარის სტატუსი კლასიფიკაციის წყარო ან თაროზე გაწყობის სქემა დაზიანების სტატუსი არ გაიცემა მუდმივი მდებარეობა (დაცვის ადგილი) ამჟამინდელი ადგილსამყოფელი თაროზე განთავსების ადგილი შეძენის თარიღი ღირებულება, შესყიდვის ნორმალური ფასი სრული შენახვის შიფრი შტრიხკოდი ბოლო ოპერაციის თარიღი ეგზემპლარის მიმდევრობითი ნომერი (კეტერი?) Uniform Resource Identifier ფასის ძალაში შესვლის თარიღი ეგზემპლარის სახეობა საჯარო შენიშვნა
          ბათუმის შოთა რუსთაველის სახელმწიფო უნივერსიტეტის მთავარი ბიბლიოთეკა ბათუმის შოთა რუსთაველის სახელმწიფო უნივერსიტეტის მთავარი ბიბლიოთეკა წიგნსაცავი 2026-03-25 12.00 94(479.223-25) მ-47 74095 2026-03-25 74095 ნაჩუქარი 2026-03-25 წიგნი 12.00
          ბათუმის შოთა რუსთაველის სახელმწიფო უნივერსიტეტის მთავარი ბიბლიოთეკა ბათუმის შოთა რუსთაველის სახელმწიფო უნივერსიტეტის მთავარი ბიბლიოთეკა წიგნსაცავი 2026-03-25 12.00 94(479.223-25) მ-47 74096 2026-03-25 74096 ნაჩუქარი 2026-03-25 წიგნი 12.00
          ბათუმის შოთა რუსთაველის სახელმწიფო უნივერსიტეტის მთავარი ბიბლიოთეკა ბათუმის შოთა რუსთაველის სახელმწიფო უნივერსიტეტის მთავარი ბიბლიოთეკა წიგნსაცავი 2026-03-25 12.00 94(479.223-25) მ-47 74097 2026-03-25 74097 ნაჩუქარი 2026-03-25 წიგნი 12.00
          ბათუმის შოთა რუსთაველის სახელმწიფო უნივერსიტეტის მთავარი ბიბლიოთეკა ბათუმის შოთა რუსთაველის სახელმწიფო უნივერსიტეტის მთავარი ბიბლიოთეკა წიგნსაცავი 2026-03-25 12.00 94(479.223-25) მ-47 74098 2026-03-25 74098 ნაჩუქარი 2026-03-25 წიგნი 12.00
          ბათუმის შოთა რუსთაველის სახელმწიფო უნივერსიტეტის მთავარი ბიბლიოთეკა ბათუმის შოთა რუსთაველის სახელმწიფო უნივერსიტეტის მთავარი ბიბლიოთეკა წიგნსაცავი 2026-03-25 12.00 94(479.223-25) მ-47 74099 2026-03-25 74099 ნაჩუქარი 2026-03-25 წიგნი 12.00
          ბათუმის შოთა რუსთაველის სახელმწიფო უნივერსიტეტის მთავარი ბიბლიოთეკა ბათუმის შოთა რუსთაველის სახელმწიფო უნივერსიტეტის მთავარი ბიბლიოთეკა წიგნსაცავი 2026-03-25 12.00 94(479.223-25) მ-47 74100 2026-03-25 74100 ნაჩუქარი 2026-03-25 წიგნი 12.00